Cumboto: cuento de siete leguas

Պահպանված է:
Մատենագիտական մանրամասներ
Հիմնական հեղինակ: Díaz Sánchez, Ramón (Հեղինակ)
Ձևաչափ: Գիրք
Լեզու:իսպաներեն
Հրապարակվել է: Santiago Universitaria 1987
Հրատարակություն:1a. ed
Խորագրեր:
Ցուցիչներ: Ավելացրեք ցուցիչ
Չկան պիտակներ, Եղեք առաջինը, ով նշում է այս գրառումը!

MARC

LEADER 00000cam a2200000 a 4500
001 UCE2156
003 CL-VaPUC
008 140612e19870000cl |||||||||||||||||spa|d
082 0 4 |a Ve863  |b DIA  |2 21 
100 0 |a Díaz Sánchez, Ramón  |e author  |9 574618 
245 1 0 |a Cumboto: cuento de siete leguas 
250 |a 1a. ed 
300 |a 184 p 
942 |c BK 
945 |d 20140612 14:08:00  |a dcastane 
260 |a Santiago  |b Universitaria  |c 1987 
650 0 |a Novelas venezolanas  |9 312407 
650 0 |a Literatura venezolana   |9 348916 
583 |a last modification  |c 20140612 14:08:00  |k Rodrigo Vera 
999 |c 355819  |d 355817 
952 |0 0  |1 0  |3 erb  |4 0  |6 VE_863_000000000000000_DIA_1987  |7 0  |8 A  |9 462681  |a BIBEDU  |b BIBEDU  |i 5047846  |o Ve863 DIA 1987  |p 5047846  |r 2019-11-23  |w 2019-11-23  |y BK  |z Catalogado en:20140612  |k LIT